<?xml version="1.0" encoding="UTF-8"?><?xml-stylesheet type="text/xsl" href="static/style.xsl"?><OAI-PMH xmlns="http://www.openarchives.org/OAI/2.0/" xmlns:xsi="http://www.w3.org/2001/XMLSchema-instance" xsi:schemaLocation="http://www.openarchives.org/OAI/2.0/ http://www.openarchives.org/OAI/2.0/OAI-PMH.xsd"><responseDate>2026-04-29T12:24:15Z</responseDate><request verb="GetRecord" identifier="oai:repisalud.isciii.es:20.500.12105/25212" metadataPrefix="marc">https://repisalud.isciii.es/rest/oai/request</request><GetRecord><record><header><identifier>oai:repisalud.isciii.es:20.500.12105/25212</identifier><datestamp>2024-10-23T09:08:08Z</datestamp><setSpec>com_20.500.12105_15322</setSpec><setSpec>com_20.500.12105_2051</setSpec><setSpec>col_20.500.12105_16927</setSpec></header><metadata><record xmlns="http://www.loc.gov/MARC21/slim" xmlns:dcterms="http://purl.org/dc/terms/" xmlns:doc="http://www.lyncode.com/xoai" xmlns:xsi="http://www.w3.org/2001/XMLSchema-instance" xsi:schemaLocation="http://www.loc.gov/MARC21/slim http://www.loc.gov/standards/marcxml/schema/MARC21slim.xsd">
   <leader>00925njm 22002777a 4500</leader>
   <datafield ind2=" " ind1=" " tag="042">
      <subfield code="a">dc</subfield>
   </datafield>
   <datafield ind2=" " ind1=" " tag="720">
      <subfield code="a">Álvarez-Marín, Rocío</subfield>
      <subfield code="e">author</subfield>
   </datafield>
   <datafield ind2=" " ind1=" " tag="720">
      <subfield code="a">López-Rojas, Rafael</subfield>
      <subfield code="e">author</subfield>
   </datafield>
   <datafield ind2=" " ind1=" " tag="720">
      <subfield code="a">Márquez, Juan Antonio</subfield>
      <subfield code="e">author</subfield>
   </datafield>
   <datafield ind2=" " ind1=" " tag="720">
      <subfield code="a">Gómez, María José</subfield>
      <subfield code="e">author</subfield>
   </datafield>
   <datafield ind2=" " ind1=" " tag="720">
      <subfield code="a">Molina, José</subfield>
      <subfield code="e">author</subfield>
   </datafield>
   <datafield ind2=" " ind1=" " tag="720">
      <subfield code="a">Cisneros, José Miguel</subfield>
      <subfield code="e">author</subfield>
   </datafield>
   <datafield ind2=" " ind1=" " tag="720">
      <subfield code="a">Ortiz-Leyba, Carlos</subfield>
      <subfield code="e">author</subfield>
   </datafield>
   <datafield ind2=" " ind1=" " tag="720">
      <subfield code="a">Aznar, Javier</subfield>
      <subfield code="e">author</subfield>
   </datafield>
   <datafield ind2=" " ind1=" " tag="720">
      <subfield code="a">Garnacho-Montero, José</subfield>
      <subfield code="e">author</subfield>
   </datafield>
   <datafield ind2=" " ind1=" " tag="720">
      <subfield code="a">Pachón, Jerónimo</subfield>
      <subfield code="e">author</subfield>
   </datafield>
   <datafield ind2=" " ind1=" " tag="260">
      <subfield code="c">2016-12-19</subfield>
   </datafield>
   <datafield ind2=" " ind1=" " tag="520">
      <subfield code="a">Objectives: This study aims to analyze the mortality and the length of ICU stay (LOS) of A. baumannii VAP compared to respiratory colonization in patients with mechanical ventilation (MV). Methods: A prospective cohort study was performed in an ICU of adult patients (February 2010-June 2011). One hundred patients on MV with A. baumannii in lower respiratory airways were recruited, and classified as VAP or airways colonization according to CPIS criteria, with a punctuation ≥6. LOS, 30-days mortality, A. baumannii bacteremia, and clinical features including antibiotic therapy were recorded. Multivariate analysis (linear and Cox regression) and survival analysis (Kaplan-Meier curves) were performed. Results: Fifty-seven VAP and 43 colonized A. baumannii patients were analyzed. Among the A. baumannii strains, 99% were non-susceptible to carbapenems and the MIC90 of colistin was 0.12 mg/l. Therapy was appropriate in 94.6% of VAP patients, most of them with colistin 6 MIU/day, although in 13 (23.6%) cases colistin was started 48 hours after the onset of VAP. Mortality was similar in both groups (VAP 24.6% vs. colonized 27.9%, p = 0.7). Bacteremia and acute kidney insufficiency were associated with decreased survival (p = 0.02 and p = 0.04, respectively) in VAP patients. LOS was 21.5 (11.5-42.75) vs. 9 (6-22) days for VAP and colonized patients (p = 0.004). VAP (p = 0.003) and age (p = 0.01) were independently related to a longer LOS. Conclusions: Multidrug-resistant A. baumannii VAP treated with colistin does not have a different mortality compared to lower airways colonization, among patients on mechanical-ventilation, in a setting of high susceptibility to colistin of A. baumannii.</subfield>
   </datafield>
   <datafield ind1="8" ind2=" " tag="024">
      <subfield code="a">10.1371/journal.pone.0168468</subfield>
   </datafield>
   <datafield ind1="8" ind2=" " tag="024">
      <subfield code="a">1932-6203</subfield>
   </datafield>
   <datafield ind1="8" ind2=" " tag="024">
      <subfield code="a">PloS one</subfield>
   </datafield>
   <datafield ind1="8" ind2=" " tag="024">
      <subfield code="a">http://hdl.handle.net/10668/2595</subfield>
   </datafield>
   <datafield ind1="8" ind2=" " tag="024">
      <subfield code="a">27992528</subfield>
   </datafield>
   <datafield ind1="8" ind2=" " tag="024">
      <subfield code="a">https://hdl.handle.net/20.500.12105/25212</subfield>
   </datafield>
   <datafield ind2="0" ind1="0" tag="245">
      <subfield code="a">Colistin Dosage without Loading Dose Is Efficacious when Treating Carbapenem-Resistant Acinetobacter baumannii Ventilator-Associated Pneumonia Caused by Strains with High Susceptibility to Colistin</subfield>
   </datafield>
</record></metadata></record></GetRecord></OAI-PMH>